000 00948nam a2200301Ia 4500
003 OSt
005 20221007121032.0
006 a|||||r|||| 00| 0
007 ta
008 221006b |||||||| |||| 00| 0 eng d
020 _a9783642038723 (hbd)
024 _a108742
037 _b042, 02/06/2010, N R Book Distributors
_cTextbook
040 _aBDL
_cBDL
_beng
041 _2eng
_aeng
082 _aE9G,96, Q0 Carb
100 _aMunnik Teun Ed.
_9429724
245 0 _aLipid signaling in plants
260 _aBerlin
_bSpringer
_c2010
300 _axviii, 330p.
_ccm.
490 _aPlant cell monographs
500 _aIncludes bibliographical references.; Index 323-330p.
650 _a Plant signaling
_9710550
650 _a Signal transduction
_9710551
650 _aBotany
942 _hE9G,96, Q0 Carb
_cTB
_2CC
999 _c1208361
_d1208361